Quiz sur les Jeux Olympiques (Niveau 1) - Statistiques

Statistiques générales
  • Ce quiz a été pris 577 fois
  • Le résultat moyen est 11 sur 15
Statistiques - réponses
Question Réponse % Correct
Le nombre d'anneaux olympiques. 5
99%
Célèbre sprinteur jamaïcain ayant couru le 100m en 9.58 secondes. Usain Bolt
97%
La ville-hôte des JO de 2021. Tokyo
94%
Fratrie de nageurs français ayant remporté l'or olympique en 2004 pour la soeur et en 2012 pour le frère. Manaudou
92%
La ville-hôte des JO en 2016. Rio de Janeiro
92%
Pays n'ayant pas le droit de faire concourir ses athlètes sous le drapeau national aux JO 2021 en raison des révélations liés à un système de dopage d'Etat. Russie
92%
Nageur américain possédant le record de médailles d'or olympiques (13). Michael Phelps
88%
Ville hôte des premiers JO de l'ère moderne en 1896. Athènes
82%
Biathlète français, et sportif le plus titré aux JO d'hiver. Martin Fourcade
78%
Année des JO de Moscou, marqué par le boycott de différents Etats liés à l'invasion soviétique en Afghanistan. 1980
63%
En étant hôte des prochains JO d'hiver, je serai la première ville à avoir accueilli aussi bien les Jeux d'été que ceux d'hiver. Pékin
62%
Gymnaste roumaine ayant été la première de l'histoire a décroché la note parfaite de 10 aux Jeux Olympiques. Nadia Comăneci
43%
Athlète américain champion olympique du 100m, 200m, 4x100m et du saut en longueur en 1936, lors des Jeux de Berlin. Jesse Owens
41%
Sport collectif pour la première fois au programme des JO depuis 2008, dont Cuba, non qualifié cette année, a été trois fois champion olympique en cinq éditions. Baseball
35%
Athlète française, détentrice du record d'Europe du 100m, n'ayant pourtant jamais obtenu de médaille individuelle aux Jeux Olympiques. Christine Arron
26%
Aucun quiz correspondant
Distribution des résultats
% des personnes avec chaque résultat
Percentile par nombre de réponses
Votre historique - résultats
Vous n’avez pas pris ce quiz